[Event "21. Open Cappelle la Grande"]
[Site "Cappelle la Grande FRA"]
[Date "2005.02.13"]
[Round "2"]
[White "Kryvoruchko, Yuriy"]
[Black "Zimmerman, Yuri"]
[Result "1-0"]
[WhiteElo "2474"]
[BlackElo "2363"]
[PlyCount "73"]
[EventDate "2005.02.12"]
[EventType "swiss"]
[EventRounds "9"]
[EventCountry "FRA"]
[Source "lmi"]
[SourceDate "2005.02.18"]

1. e4 d6 2. d4 Nf6 3. Nc3 g6 4. f4 Bg7 5. Nf3 c5 6. Bb5+ Bd7 7. e5 Ng4 8. Bxd7+
Qxd7 9. d5 dxe5 10. h3 e4 11. hxg4 exf3 12. Qxf3 Na6 13. Bd2 O-O-O 14. O-O-O
Nc7 15. Be1 Nb5 16. Nxb5 Qxb5 17. Bc3 Bxc3 18. Qxc3 h5 19. gxh5 Rxh5 20. Rxh5
gxh5 21. Qe5 Rd7 22. Qh8+ Rd8 23. Qxh5 Qc4 24. Qf5+ e6 25. Qxf7 exd5 26. Qf5+
Kc7 27. Qe5+ Kc6 28. b3 Qb4 29. Rh1 Rd6 30. Rh8 c4 31. Rc8+ Kb6 32. Kb2 Rc6 33.
Rxc6+ Kxc6 34. f5 Qd2 35. f6 b5 36. f7 b4 37. bxc4 1-0

[Event "21. Open Cappelle la Grande"]
[Site "Cappelle la Grande FRA"]
[Date "2005.02.13"]
[Round "2"]
[White "Genov, Petar"]
[Black "Frois, Antonio"]
[Result "1/2-1/2"]
[WhiteElo "2470"]
[BlackElo "2349"]
[PlyCount "40"]
[EventDate "2005.02.12"]
[EventType "swiss"]
[EventRounds "9"]
[EventCountry "FRA"]
[Source "lmi"]
[SourceDate "2005.02.18"]

1. d4 d5 2. c4 e6 3. Nc3 c5 4. cxd5 exd5 5. Nf3 Nc6 6. g3 Nf6 7. Bg2 Be7 8. O-O
O-O 9. Bg5 cxd4 10. Nxd4 h6 11. Be3 Re8 12. Rc1 Bf8 13. Nb3 Be6 14. Bc5 Bxc5
15. Nxc5 Qb6 16. N3a4 Qb5 17. Re1 Bg4 18. f3 Bf5 19. Qb3 Qxb3 20. Nxb3 Rad8
1/2-1/2

[Event "21. Open Cappelle la Grande"]
[Site "Cappelle la Grande FRA"]
[Date "2005.02.13"]
[Round "2"]
[White "Gonzalez Garcia, Jose"]
[Black "Olszewski, Michal"]
[Result "1-0"]
[WhiteElo "2470"]
[BlackElo "2339"]
[PlyCount "65"]
[EventDate "2005.02.12"]
[EventType "swiss"]
[EventRounds "9"]
[EventCountry "FRA"]
[Source "lmi"]
[SourceDate "2005.02.18"]

1. d4 Nf6 2. c4 c5 3. d5 b5 4. cxb5 a6 5. bxa6 g6 6. Nc3 Bxa6 7. Nf3 d6 8. g3
Nbd7 9. Bg2 Nb6 10. b3 Bb7 11. Nh4 Bg7 12. Rb1 O-O 13. O-O Ra5 14. a4 Qa8 15.
Bd2 Rc8 16. e4 Ne8 17. Bh3 Rd8 18. Re1 Nc7 19. Na2 Ra7 20. Bc3 e6 21. Bxg7 Kxg7
22. Qd2 exd5 23. Qg5 Ne8 24. e5 dxe5 25. Nf5+ Kg8 26. Nh6+ Kg7 27. Nf5+ Kg8 28.
Ne7+ Kg7 29. Qxe5+ f6 30. Nf5+ gxf5 31. Qe7+ Kh6 32. Qf8+ Kg6 33. Re7 1-0

[Event "21. Open Cappelle la Grande"]
[Site "Cappelle la Grande FRA"]
[Date "2005.02.13"]
[Round "2"]
[White "Leite, Catarina"]
[Black "Oleksienko, Mikhailo"]
[Result "0-1"]
[WhiteElo "2203"]
[BlackElo "2469"]
[PlyCount "66"]
[EventDate "2005.02.12"]
[EventType "swiss"]
[EventRounds "9"]
[EventCountry "FRA"]
[Source "lmi"]
[SourceDate "2005.02.18"]

1. e4 d6 2. d4 Nf6 3. Bd3 e5 4. c3 d5 5. dxe5 Nxe4 6. Bxe4 dxe4 7. Qa4+ Nd7 8.
Be3 Qh4 9. Nd2 Be7 10. O-O-O O-O 11. f4 exf3 12. Qxh4 Bxh4 13. Ngxf3 Be7 14.
Ne4 Re8 15. Rhe1 Nf8 16. Nd4 Bg4 17. Rd2 Ne6 18. h3 Nxd4 19. Rxd4 Be6 20. a3 h6
21. Rd2 b6 22. Bf4 a5 23. c4 Bxc4 24. Rc2 b5 25. Nd2 Bd5 26. Rxc7 Rac8 27. Rxc8
Rxc8+ 28. Kd1 g5 29. Be3 Bxg2 30. h4 gxh4 31. Rg1 h3 32. Ne4 Bg5 33. Bxg5 h2
0-1

[Event "21. Open Cappelle la Grande"]
[Site "Cappelle la Grande FRA"]
[Date "2005.02.13"]
[Round "2"]
[White "Bentivegna, Francesco"]
[Black "Spraggett, Kevin"]
[Result "0-1"]
[WhiteElo "2203"]
[BlackElo "2589"]
[PlyCount "69"]
[EventDate "2005.02.12"]
[EventType "swiss"]
[EventRounds "9"]
[EventCountry "FRA"]
[Source "lmi"]
[SourceDate "2005.02.18"]

1. e4 c5 2. c3 d5 3. exd5 Qxd5 4. d4 g6 5. Nf3 Bg7 6. c4 Qd8 7. d5 Nf6 8. Nc3
O-O 9. Be2 e6 10. O-O exd5 11. cxd5 Re8 12. Be3 Nbd7 13. Nb5 a6 14. Nd6 Rxe3
15. fxe3 Qe7 16. Nxc8 Qxe3+ 17. Kh1 Rxc8 18. d6 Ne4 19. Bc4 Ndf6 20. Ne5 Ng3+
21. hxg3 Qxe5 22. Bxf7+ Kxf7 23. Qb3+ Qe6 24. Qxb7+ Kg8 25. Rae1 Qd7 26. Qxa6
Nd5 27. Re7 Nxe7 28. dxe7 Re8 29. Qc4+ Kh8 30. Qxc5 Rxe7 31. b4 h6 32. Rc1 Kh7
33. b5 Re5 34. Qc4 Rh5+ 35. Kg1 0-1

[Event "21. Open Cappelle la Grande"]
[Site "Cappelle la Grande FRA"]
[Date "2005.02.13"]
[Round "2"]
[White "Rozentalis, Eduardas"]
[Black "Kuzmicz, Krystian"]
[Result "1/2-1/2"]
[WhiteElo "2584"]
[BlackElo "2375"]
[PlyCount "65"]
[EventDate "2005.02.12"]
[EventType "swiss"]
[EventRounds "9"]
[EventCountry "FRA"]
[Source "lmi"]
[SourceDate "2005.02.18"]

1. e4 c5 2. Nf3 g6 3. c3 Bg7 4. d4 cxd4 5. cxd4 d5 6. e5 Bg4 7. Nbd2 Nc6 8. h3
Bxf3 9. Nxf3 Nh6 10. Bf4 f6 11. Qd2 Nf7 12. Bb5 O-O 13. Bxc6 bxc6 14. O-O fxe5
15. dxe5 Qd7 16. Rac1 Rac8 17. b4 Nd8 18. Nd4 Ne6 19. Nxe6 Qxe6 20. Bg3 a5 21.
a3 axb4 22. axb4 Qd7 23. Rc2 e6 24. Rfc1 Qb7 25. Qd4 Rfe8 26. f4 Bf8 27. Be1
Re7 28. g4 Rec7 29. f5 gxf5 30. gxf5 exf5 31. Kh2 Rg7 32. Bh4 Qxb4 33. Qxb4
1/2-1/2

[Event "21. Open Cappelle la Grande"]
[Site "Cappelle la Grande FRA"]
[Date "2005.02.13"]
[Round "2"]
[White "Spoelman, Wouter"]
[Black "Vysochin, Spartak"]
[Result "1/2-1/2"]
[WhiteElo "2381"]
[BlackElo "2579"]
[PlyCount "53"]
[EventDate "2005.02.12"]
[EventType "swiss"]
[EventRounds "9"]
[EventCountry "FRA"]
[Source "lmi"]
[SourceDate "2005.02.18"]

1. e4 e6 2. d4 d5 3. Nc3 Nf6 4. Bg5 dxe4 5. Nxe4 Nbd7 6. Nf3 h6 7. Nxf6+ Nxf6
8. Bf4 Bd6 9. Be5 Bd7 10. Bd3 Bc6 11. O-O O-O 12. Qe2 Qe7 13. Rad1 Rfd8 14.
Rfe1 b6 15. a3 Bb7 16. c4 a5 17. Bb1 c5 18. h3 Rac8 19. Rd2 Bxf3 20. gxf3 Bxe5
21. Qxe5 Rd7 22. d5 Qd6 23. Rde2 Qxe5 24. Rxe5 Re8 25. Bf5 Rd6 26. dxe6 fxe6
27. Bxe6+ 1/2-1/2

[Event "21. Open Cappelle la Grande"]
[Site "Cappelle la Grande FRA"]
[Date "2005.02.13"]
[Round "2"]
[White "Kernazhitsky, Leonid"]
[Black "Fridman, Daniel"]
[Result "0-1"]
[WhiteElo "2377"]
[BlackElo "2569"]
[PlyCount "88"]
[EventDate "2005.02.12"]
[EventType "swiss"]
[EventRounds "9"]
[EventCountry "FRA"]
[Source "lmi"]
[SourceDate "2005.02.18"]

1. e4 c6 2. d4 d5 3. Nc3 dxe4 4. Nxe4 Bf5 5. Ng3 Bg6 6. h4 h6 7. Nf3 Nd7 8. h5
Bh7 9. Bd3 Bxd3 10. Qxd3 e6 11. Bf4 Ngf6 12. O-O-O Nd5 13. Bd2 Nb4 14. Bxb4
Bxb4 15. Ne4 Qa5 16. Kb1 O-O-O 17. Qe2 Rhe8 18. c3 Bf8 19. Nfd2 Nf6 20. Qf3 Qd5
21. Nxf6 Qxf3 22. Nxf3 gxf6 23. Kc2 Bd6 24. g3 Rg8 25. c4 Bc7 26. Rd3 f5 27.
Re1 Rg4 28. b3 Bb6 29. c5 Bc7 30. Ne5 Bxe5 31. dxe5 Rd5 32. Rxd5 cxd5 33. Kd3
Kd7 34. a3 Kc6 35. Rc1 f4 36. gxf4 Rxf4 37. Rg1 Kxc5 38. Rc1+ Kb6 39. Rc8 Rxf2
40. Rh8 Rf3+ 41. Kd4 Rxb3 42. Rxh6 Rxa3 43. Rf6 Rh3 44. h6 Kc6 0-1

[Event "21. Open Cappelle la Grande"]
[Site "Cappelle la Grande FRA"]
[Date "2005.02.13"]
[Round "2"]
[White "Palo, Davor"]
[Black "Borsuk, Angela"]
[Result "1-0"]
[WhiteElo "2541"]
[BlackElo "2335"]
[PlyCount "85"]
[EventDate "2005.02.12"]
[EventType "swiss"]
[EventRounds "9"]
[EventCountry "FRA"]
[Source "lmi"]
[SourceDate "2005.02.18"]

1. d4 d6 2. c4 e5 3. Nf3 e4 4. Ng5 f5 5. Nc3 Nf6 6. f3 Be7 7. fxe4 h6 8. Nh3
fxe4 9. Nf4 Bf5 10. e3 c6 11. Be2 Qd7 12. Bd2 Na6 13. Qb3 O-O-O 14. O-O-O g5
15. Nh5 Nxh5 16. Bxh5 g4 17. h3 Rdg8 18. h4 Kb8 19. Rdf1 Rf8 20. Ne2 Bh7 21.
Ng3 d5 22. c5 Rhg8 23. Rxf8+ Rxf8 24. Qd1 Qc7 25. Ne2 Qd7 26. Rf1 Rxf1 27. Qxf1
Qf5 28. Qxf5 Bxf5 29. Be1 Nc7 30. Bf7 b6 31. b4 Kb7 32. Kd1 Nb5 33. Nf4 a5 34.
a4 Na3 35. b5 bxc5 36. bxc6+ Kxc6 37. Bxa5 cxd4 38. exd4 Bxh4 39. Bb4 Bg5 40.
Bxd5+ Kb6 41. Ne6 Nb1 42. Nxg5 hxg5 43. Ke2 1-0

[Event "21. Open Cappelle la Grande"]
[Site "Cappelle la Grande FRA"]
[Date "2005.02.13"]
[Round "2"]
[White "Vuckovic, Bojan"]
[Black "Brandenburg, Daan"]
[Result "1-0"]
[WhiteElo "2525"]
[BlackElo "2343"]
[PlyCount "89"]
[EventDate "2005.02.12"]
[EventType "swiss"]
[EventRounds "9"]
[EventCountry "FRA"]
[Source "lmi"]
[SourceDate "2005.02.18"]

1. e4 c5 2. Nf3 d6 3. d4 cxd4 4. Nxd4 Nf6 5. Nc3 e6 6. g4 h6 7. h3 Nc6 8. Be3
Qc7 9. Qe2 a6 10. O-O-O Be7 11. f4 Nd7 12. Bg2 Na5 13. Rhe1 Qc4 14. Qf2 b5 15.
Bf1 Qc7 16. Nf5 Bb7 17. Nxg7+ Kf8 18. Bd4 b4 19. Nxe6+ fxe6 20. Bxh8 bxc3 21.
Bxc3 Nc6 22. Bc4 Nc5 23. e5 d5 24. f5 dxc4 25. f6 Kg8 26. fxe7 Qxe7 27. Qe2 Na4
28. Qxc4 Nxc3 29. Qxc3 Nb4 30. Qe3 Rc8 31. Rd2 Qh7 32. Qb3 Nd5 33. Kb1 Bc6 34.
Ka1 Bb5 35. g5 hxg5 36. Rg1 Kh8 37. Rxg5 Qh4 38. Rg1 Rg8 39. Rxg8+ Kxg8 40. Qf3
Qe1+ 41. Rd1 Qe3 42. Qg4+ Kf7 43. c4 Qxe5 44. cxd5 exd5 45. Rg1 1-0

[Event "21. Open Cappelle la Grande"]
[Site "Cappelle la Grande FRA"]
[Date "2005.02.13"]
[Round "2"]
[White "Totsky, Leonid"]
[Black "Kadziolka, Beata"]
[Result "1/2-1/2"]
[WhiteElo "2515"]
[BlackElo "2321"]
[PlyCount "85"]
[EventDate "2005.02.12"]
[EventType "swiss"]
[EventRounds "9"]
[EventCountry "FRA"]
[Source "lmi"]
[SourceDate "2005.02.18"]

1. e4 c5 2. g3 d5 3. d3 dxe4 4. dxe4 Qxd1+ 5. Kxd1 Nc6 6. Be3 b6 7. c3 Bb7 8.
Nd2 O-O-O 9. Kc2 Nf6 10. f3 e6 11. Nh3 h6 12. Be2 Be7 13. a4 Nd7 14. Nf2 h5 15.
Rhf1 h4 16. g4 g5 17. Nd3 Nde5 18. Nxe5 Nxe5 19. a5 f6 20. axb6 axb6 21. Nc4
Nxc4 22. Bxc4 e5 23. Ra7 Kb8 24. Rfa1 Rd7 25. Bd5 Rhd8 26. Bxb7 Rxb7 27. Ra8+
Kc7 28. Rxd8 Bxd8 29. b4 Be7 30. b5 Kb8 31. Kb3 Rd7 32. Kc4 Kb7 33. h3 Kb8 34.
Ra6 Kb7 35. Ra2 Kb8 36. Rd2 Kc7 37. Rxd7+ Kxd7 38. Kd5 Bf8 39. c4 Bd6 40. Bd2
Bc7 41. Bc1 Bd6 42. Be3 Be7 43. Bc1 1/2-1/2

[Event "21. Open Cappelle la Grande"]
[Site "Cappelle la Grande FRA"]
[Date "2005.02.13"]
[Round "2"]
[White "Petran, Peter"]
[Black "Wang Rui"]
[Result "0-1"]
[WhiteElo "2326"]
[BlackElo "2478"]
[PlyCount "70"]
[EventDate "2005.02.12"]
[EventType "swiss"]
[EventRounds "9"]
[EventCountry "FRA"]
[Source "lmi"]
[SourceDate "2005.02.18"]

1. g3 e5 2. c4 Nf6 3. Bg2 Bc5 4. Nc3 O-O 5. e3 Re8 6. d3 c6 7. Nge2 d5 8. cxd5
Nxd5 9. Nxd5 cxd5 10. O-O Nc6 11. d4 exd4 12. Nxd4 Bxd4 13. exd4 Bf5 14. Be3
Be4 15. Bh3 Qb6 16. Qd2 Nb4 17. Rfc1 Re7 18. Rc3 Qg6 19. Rac1 Nc6 20. b4 Rae8
21. Rc5 Qh5 22. Bg2 Bxg2 23. Kxg2 Re4 24. b5 Ne7 25. f3 Re6 26. Bf2 Nf5 27. Rc8
Qg6 28. Qf4 h5 29. R1c5 Rxc8 30. Rxc8+ Kh7 31. Rd8 Re2 32. Rxd5 Ne3+ 33. Qxe3
Rxe3 34. Bxe3 h4 35. Bf2 h3+ 0-1

[Event "21. Open Cappelle la Grande"]
[Site "Cappelle la Grande FRA"]
[Date "2005.02.13"]
[Round "2"]
[White "Bitalzadeh, Ali"]
[Black "Georgiev, Krum"]
[Result "1/2-1/2"]
[WhiteElo "2292"]
[BlackElo "2456"]
[PlyCount "46"]
[EventDate "2005.02.12"]
[EventType "swiss"]
[EventRounds "9"]
[EventCountry "FRA"]
[Source "lmi"]
[SourceDate "2005.02.18"]

1. e4 c5 2. Nf3 d6 3. d4 cxd4 4. Nxd4 Nf6 5. Nc3 Bd7 6. Be2 e6 7. O-O Be7 8.
Be3 Bc6 9. Nxc6 bxc6 10. Qd3 Nbd7 11. Na4 O-O 12. c4 d5 13. exd5 cxd5 14. cxd5
Nxd5 15. Nc3 Ne5 16. Qe4 Nxe3 17. Qxe3 Qa5 18. a3 Qc5 19. Qg3 Rac8 20. Rac1 a5
21. b4 axb4 22. axb4 Qxb4 23. Qxe5 Bf6 1/2-1/2

[Event "21. Open Cappelle la Grande"]
[Site "Cappelle la Grande FRA"]
[Date "2005.02.13"]
[Round "2"]
[White "Thorhallsson, Throstur"]
[Black "Brunner, Nicolas"]
[Result "1-0"]
[WhiteElo "2455"]
[BlackElo "2288"]
[PlyCount "80"]
[EventDate "2005.02.12"]
[EventType "swiss"]
[EventRounds "9"]
[EventCountry "FRA"]
[Source "lmi"]
[SourceDate "2005.02.18"]

1. e4 c5 2. Nf3 d6 3. d4 cxd4 4. Nxd4 Nf6 5. Nc3 g6 6. Be2 Bg7 7. O-O O-O 8.
Bg5 Nc6 9. Nb3 Be6 10. Kh1 Rc8 11. f4 Na5 12. f5 Bc4 13. Bd3 b5 14. Qf3 b4 15.
Ne2 Qb6 16. Rae1 Bxd3 17. cxd3 Nxb3 18. axb3 Qb7 19. Nf4 Rc2 20. Bxf6 Bxf6 21.
Nd5 Kg7 22. d4 Rd2 23. fxg6 fxg6 24. Nf4 Kg8 25. Qe3 Rxb2 26. Rf3 Bg5 27. Qc1
Bxf4 28. Qxb2 Qc8 29. Rff1 Bh6 30. Rxf8+ Bxf8 31. Qf2 Qe8 32. Qe2 Qc8 33. Qf3
Qe8 34. Qg4 Bg7 35. Qe6+ Kh8 36. Rc1 Qg8 37. Qxe7 Bxd4 38. Qxd6 Bc3 39. Rf1 Kg7
40. Qe7+ Kh6 1-0

[Event "21. Open Cappelle la Grande"]
[Site "Cappelle la Grande FRA"]
[Date "2005.02.13"]
[Round "2"]
[White "Moranda, Wojciech"]
[Black "Gentilleau, Jean Philippe"]
[Result "1-0"]
[WhiteElo "2451"]
[BlackElo "2258"]
[PlyCount "65"]
[EventDate "2005.02.12"]
[EventType "swiss"]
[EventRounds "9"]
[EventCountry "FRA"]
[Source "lmi"]
[SourceDate "2005.02.18"]

1. d4 Nf6 2. c4 g6 3. Nc3 Bg7 4. e4 d6 5. Nf3 O-O 6. h3 c5 7. d5 e6 8. Bd3 exd5
9. cxd5 a6 10. a4 Nbd7 11. O-O Nh5 12. Bg5 Bf6 13. Be3 Ne5 14. Nxe5 Bxe5 15. f4
Bg7 16. Qf3 Re8 17. Rae1 b5 18. axb5 axb5 19. Bxb5 Bd7 20. Bc4 Qb6 21. Bc1 Bd4+
22. Kh2 Ng7 23. b3 f5 24. e5 Qa5 25. Bb2 dxe5 26. fxe5 Bxe5+ 27. Rxe5 Rxe5 28.
d6+ Kh8 29. Qf4 Ree8 30. Nd5 Qa2 31. Rf2 Qb1 32. Qh6 Rg8 33. Nf6 1-0

[Event "21. Open Cappelle la Grande"]
[Site "Cappelle la Grande FRA"]
[Date "2005.02.13"]
[Round "2"]
[White "Abergel, Thal"]
[Black "Igla, Bella"]
[Result "1-0"]
[WhiteElo "2443"]
[BlackElo "2271"]
[PlyCount "75"]
[EventDate "2005.02.12"]
[EventType "swiss"]
[EventRounds "9"]
[EventCountry "FRA"]
[Source "lmi"]
[SourceDate "2005.02.18"]

1. e4 c5 2. Nf3 a6 3. c4 Nc6 4. d4 cxd4 5. Nxd4 e5 6. Nf5 d6 7. Ne3 Be7 8. Nd5
Nf6 9. Nbc3 O-O 10. Be3 Nxd5 11. Nxd5 Be6 12. Bd3 Bg5 13. Bb6 Qd7 14. O-O Rac8
15. Qa4 Nb8 16. Qa3 Bxd5 17. exd5 Qe7 18. c5 e4 19. Rae1 f5 20. f4 Bh4 21. g3
dxc5 22. gxh4 Qd6 23. Ba5 exd3 24. Qxd3 c4 25. Qd2 Rfe8 26. Bb4 Qb6+ 27. Kh1
Nd7 28. Rg1 Rxe1 29. Qxe1 Nf6 30. Qe7 g6 31. Bc3 Rf8 32. Rf1 Rf7 33. Qe5 Qc5
34. d6 Qd5+ 35. Kg1 b5 36. Re1 Qb7 37. Bd4 Kg7 38. Qxf6+ 1-0

[Event "21. Open Cappelle la Grande"]
[Site "Cappelle la Grande FRA"]
[Date "2005.02.13"]
[Round "2"]
[White "Israel, Gregory"]
[Black "Rendle, Thomas"]
[Result "1/2-1/2"]
[WhiteElo "2149"]
[BlackElo "2370"]
[PlyCount "69"]
[EventDate "2005.02.12"]
[EventType "swiss"]
[EventRounds "9"]
[EventCountry "FRA"]
[Source "lmi"]
[SourceDate "2005.02.18"]

1. d4 f5 2. Bg5 g6 3. h4 Bg7 4. e4 h6 5. Bc1 e6 6. Nc3 d5 7. exf5 exf5 8. Bf4
c6 9. Qd3 Nf6 10. Bxb8 Rxb8 11. Qg3 Be6 12. Qxg6+ Kf8 13. Bd3 Qe8 14. Qxe8+
Rxe8 15. Nge2 Kf7 16. h5 Bd7 17. Kf1 Ne4 18. Rd1 Bf6 19. Nf4 Rhg8 20. Nce2 Bg5
21. g3 Be6 22. Kg2 Kg7 23. c4 Bf7 24. cxd5 Bxd5 25. Nxd5 cxd5 26. f4 Bf6 27.
Rc1 Rc8 28. Bb5 Rgd8 29. Rhd1 a6 30. Ba4 Kf7 31. Kf3 Ke6 32. Ke3 Kd6 33. Bc2
Re8 34. Kf3 b5 35. Bd3 1/2-1/2

[Event "21. Open Cappelle la Grande"]
[Site "Cappelle la Grande FRA"]
[Date "2005.02.13"]
[Round "2"]
[White "Zaragatski, Ilja"]
[Black "Landuyt, Eric"]
[Result "1/2-1/2"]
[WhiteElo "2344"]
[BlackElo "2122"]
[PlyCount "82"]
[EventDate "2005.02.12"]
[EventType "swiss"]
[EventRounds "9"]
[EventCountry "FRA"]
[Source "lmi"]
[SourceDate "2005.02.18"]

1. e4 g6 2. d4 Bg7 3. Nc3 c6 4. Nf3 d5 5. h3 dxe4 6. Nxe4 Nf6 7. Nxf6+ exf6 8.
Bc4 Qe7+ 9. Be2 O-O 10. O-O Be6 11. Re1 Qd6 12. Be3 Nd7 13. c4 Rfd8 14. Qc2 Nf8
15. Rad1 Qc7 16. Qc1 Rac8 17. a3 b6 18. b4 Qb7 19. Nd2 f5 20. Nf3 f6 21. h4 Bf7
22. Bh6 Ne6 23. Bxg7 Kxg7 24. Qb2 h6 25. Bd3 Nf4 26. Bf1 Rd7 27. Re3 Rcd8 28.
Rde1 Qc7 29. Qc3 Qd6 30. Rd1 Qc7 31. Ne1 Ne6 32. Nc2 g5 33. hxg5 hxg5 34. Rh3
Bg6 35. Rh1 Qf4 36. g3 Qc7 37. Bh3 g4 38. Bg2 f4 39. Rh4 Bf5 40. Rh5 Bg6 41.
Rh4 Bf5 1/2-1/2

[Event "21. Open Cappelle la Grande"]
[Site "Cappelle la Grande FRA"]
[Date "2005.02.13"]
[Round "2"]
[White "Soulages, Laurent"]
[Black "Brustman, Agnieszka"]
[Result "0-1"]
[WhiteElo "2131"]
[BlackElo "2334"]
[PlyCount "66"]
[EventDate "2005.02.12"]
[EventType "swiss"]
[EventRounds "9"]
[EventCountry "FRA"]
[Source "lmi"]
[SourceDate "2005.02.18"]

1. Nf3 Nf6 2. c4 g6 3. Nc3 Bg7 4. e4 d6 5. d4 O-O 6. Be2 e5 7. O-O Nc6 8. d5
Ne7 9. b4 Nh5 10. Re1 f5 11. Ng5 Nf6 12. Bf3 c6 13. Bb2 h6 14. Ne6 Bxe6 15.
dxe6 fxe4 16. Nxe4 Nxe4 17. Rxe4 Nf5 18. Re2 Rf6 19. b5 Rc8 20. bxc6 bxc6 21.
Qa4 Qc7 22. c5 Rxe6 23. cxd6 Qxd6 24. Qxa7 Nd4 25. Bxd4 exd4 26. Rxe6 Qxe6 27.
Qc5 Kh7 28. h4 h5 29. a4 d3 30. Rd1 d2 31. g3 Rf8 32. Kg2 Rxf3 33. Rxd2 Qe4 0-1

[Event "21. Open Cappelle la Grande"]
[Site "Cappelle la Grande FRA"]
[Date "2005.02.13"]
[Round "2"]
[White "Abeln, Michiel"]
[Black "Sobry, Sebastien"]
[Result "1-0"]
[WhiteElo "2330"]
[BlackElo "2094"]
[PlyCount "55"]
[EventDate "2005.02.12"]
[EventType "swiss"]
[EventRounds "9"]
[EventCountry "FRA"]
[Source "lmi"]
[SourceDate "2005.02.18"]

1. d4 d5 2. c4 c6 3. Nc3 dxc4 4. e4 e5 5. dxe5 Qxd1+ 6. Nxd1 Be6 7. f4 g6 8.
Ne3 b5 9. a4 Bb4+ 10. Ke2 Ne7 11. g4 Bc8 12. Nf3 Bc5 13. f5 gxf5 14. gxf5 Bxe3
15. Bxe3 a5 16. Rg1 Nd7 17. Rg7 b4 18. Kf2 Ba6 19. Rc1 c5 20. Bxc4 Bxc4 21.
Rxc4 Nb6 22. Rxc5 Nxa4 23. Rc2 b3 24. Rd2 Nc6 25. e6 fxe6 26. Rc7 exf5 27. Rxc6
fxe4 28. Re6+ 1-0

[Event "21. Open Cappelle la Grande"]
[Site "Cappelle la Grande FRA"]
[Date "2005.02.13"]
[Round "2"]
[White "Cieza, Arcadio"]
[Black "Vigneron, Frederic"]
[Result "1-0"]
[WhiteElo "2242"]
[BlackElo "2042"]
[PlyCount "85"]
[EventDate "2005.02.12"]
[EventType "swiss"]
[EventRounds "9"]
[EventCountry "FRA"]
[Source "lmi"]
[SourceDate "2005.02.18"]

1. e4 g6 2. d4 c6 3. Bd3 d5 4. e5 Bg7 5. Ne2 h5 6. Nf4 e6 7. Nxg6 fxg6 8. Bxg6+
Kd7 9. Bxh5 Qh4 10. Bg4 Nh6 11. Bxh6 Bxh6 12. g3 Qe7 13. a3 b6 14. c4 Bb7 15.
Nc3 Rf8 16. cxd5 cxd5 17. O-O Kd8 18. f4 Nc6 19. Rf2 Na5 20. Nb5 Ba6 21. Nd6
Qd7 22. Qe1 Nc4 23. Nxc4 Bxc4 24. Rd1 Qg7 25. h3 Bb5 26. Qb4 Bd7 27. Rc1 Qg6
28. Qd6 Rc8 29. Rxc8+ Kxc8 30. f5 Rxf5 31. Rxf5 Qh7 32. Rf1 Be3+ 33. Kh1 Qe4+
34. Bf3 Qxd4 35. Bg2 Bh6 36. Rf7 Qd1+ 37. Kh2 Qa4 38. Rh7 Be3 39. b3 Qc6 40.
Rh8+ Kb7 41. Rb8+ Ka6 42. Bf1+ b5 43. Bxb5+ 1-0

[Event "21. Open Cappelle la Grande"]
[Site "Cappelle la Grande FRA"]
[Date "2005.02.13"]
[Round "2"]
[White "Zdebskaja, Natalia"]
[Black "Jakubowski, Krzysztof"]
[Result "0-1"]
[WhiteElo "2296"]
[BlackElo "2488"]
[PlyCount "80"]
[EventDate "2005.02.12"]
[EventType "swiss"]
[EventRounds "9"]
[EventCountry "FRA"]
[Source "lmi"]
[SourceDate "2005.02.18"]

1. e4 c5 2. Nf3 d6 3. d4 cxd4 4. Nxd4 Nf6 5. Nc3 a6 6. Be2 e6 7. O-O Qc7 8. f4
b5 9. a3 Bb7 10. Bf3 Nc6 11. Kh1 Be7 12. Nxc6 Bxc6 13. e5 dxe5 14. fxe5 Nd7 15.
Bxc6 Qxc6 16. Qg4 O-O-O 17. Qe2 f5 18. exf6 gxf6 19. Bf4 e5 20. Bg3 h5 21. Qe4
Qxe4 22. Nxe4 h4 23. Be1 h3 24. g3 Nc5 25. Nxc5 Bxc5 26. Rxf6 Rhf8 27. Rxf8
Rxf8 28. Bb4 Bxb4 29. axb4 Rf2 30. Kg1 Rg2+ 31. Kf1 Rxh2 32. Rxa6 Rxc2 33. Kg1
Kd7 34. Rb6 e4 35. Rxb5 e3 36. Rd5+ Ke6 37. Rd1 Rg2+ 38. Kh1 e2 39. Re1 Rf2 40.
Kg1 Rf1+ 0-1

[Event "21. Open Cappelle la Grande"]
[Site "Cappelle la Grande FRA"]
[Date "2005.02.13"]
[Round "2"]
[White "Bobras, Piotr"]
[Black "Peng, Zhaoqin"]
[Result "1-0"]
[WhiteElo "2481"]
[BlackElo "2405"]
[PlyCount "41"]
[EventDate "2005.02.12"]
[EventType "swiss"]
[EventRounds "9"]
[EventCountry "FRA"]
[Source "lmi"]
[SourceDate "2005.02.18"]

1. e4 e6 2. d4 d5 3. Nc3 Nf6 4. Bg5 dxe4 5. Nxe4 Be7 6. Bxf6 gxf6 7. Nf3 a6 8.
g3 b6 9. Bg2 Bb7 10. Qe2 c5 11. O-O-O Qc7 12. d5 Bxd5 13. Rxd5 exd5 14. Nxf6+
Kf8 15. Nxd5 Qd6 16. Ne5 Ra7 17. Qh5 Bd8 18. Rd1 Rg8 19. f4 Rg7 20. Ne3 Qf6 21.
Rd6 1-0

[Event "21. Open Cappelle la Grande"]
[Site "Cappelle la Grande FRA"]
[Date "2005.02.13"]
[Round "2"]
[White "Pogorelov, Ruslan"]
[Black "Seret, Jean Luc"]
[Result "0-1"]
[WhiteElo "2472"]
[BlackElo "2359"]
[PlyCount "74"]
[EventDate "2005.02.12"]
[EventType "swiss"]
[EventRounds "9"]
[EventCountry "FRA"]
[Source "lmi"]
[SourceDate "2005.02.18"]

1. Nf3 d6 2. d4 Bg4 3. c4 Bxf3 4. exf3 e6 5. d5 exd5 6. cxd5 Be7 7. Qb3 Qc8 8.
Bb5+ c6 9. Bc4 cxd5 10. Bb5+ Nc6 11. O-O a6 12. Bd3 Nf6 13. Nc3 d4 14. Na4 Rb8
15. Nb6 Qd8 16. Bd2 O-O 17. Rac1 d5 18. Bb1 Re8 19. Rfe1 Bb4 20. Rxe8+ Nxe8 21.
Bf4 Qxb6 22. Bxb8 Nxb8 23. a3 Qh6 24. f4 Bf8 25. Qxb7 Qxf4 26. Rc8 Qd2 27. g3
Nd6 28. Rxf8+ Kxf8 29. Qxb8+ Ke7 30. Qc7+ Ke6 31. Qc2 Qxc2 32. Bxc2 Nc4 33. Kf1
Nxb2 34. Ke1 d3 35. Bb3 Ke5 36. Kd2 Kd4 37. Kc1 Kc3 0-1

[Event "21. Open Cappelle la Grande"]
[Site "Cappelle la Grande FRA"]
[Date "2005.02.13"]
[Round "2"]
[White "Nordstrom, Felix"]
[Black "Gormally, Daniel"]
[Result "0-1"]
[WhiteElo "2205"]
[BlackElo "2472"]
[PlyCount "68"]
[EventDate "2005.02.12"]
[EventType "swiss"]
[EventRounds "9"]
[EventCountry "FRA"]
[Source "lmi"]
[SourceDate "2005.02.18"]

1. d4 Nf6 2. c4 g6 3. Nc3 d5 4. Bf4 Bg7 5. e3 c5 6. dxc5 Qa5 7. Qa4+ Qxa4 8.
Nxa4 Ne4 9. cxd5 Bd7 10. Bd3 Bxa4 11. Bxe4 Na6 12. Rc1 Bxb2 13. Rc4 Bb5 14. Rc2
Ba3 15. Be5 O-O 16. Bd4 Bb4+ 17. Bc3 Ba4 18. Rc1 Ba3 19. Rb1 Nxc5 20. Bb4 Nxe4
21. Bxa3 Nc3 22. Rb4 b5 23. Ne2 Nxd5 24. Rd4 Rfd8 25. O-O e5 26. Rd2 b4 27. Bb2
Nb6 28. Rxd8+ Rxd8 29. Nc1 Nc4 30. Ba1 Rd2 31. Re1 f6 32. f4 Bc6 33. Bxe5 Rxg2+
34. Kf1 Nd2# 0-1